| 000 | 00443nam a2200169Ia 4500 | ||
|---|---|---|---|
| 008 | 231217s9999 xx 000 0 und d | ||
| 020 | _a8178814064 | ||
| 041 | _aEnglish | ||
| 082 | _a658.473 SUR;3 | ||
| 100 | _aSuryanarayana, A ed. | ||
| 245 | 0 | _aCorporate frauds : trends and lessons | |
| 250 | _a1st ed. | ||
| 260 |
_c2005 _bIcfai _aHyderabad |
||
| 300 | _aviii, 206+A15 | ||
| 650 | _aCorporate,frauds,trends,lessons | ||
| 942 | _cAA | ||
| 999 |
_c190033 _d190033 |
||